000 00809nam a2200265 i 4500
001 C2-0260948
003 PPAK
005 20180727230532.0
008 041108s2003 my a|||| ||||| | may d
020 _a9830573060
040 _aPPAK
_beng
_cPPAK
_erda
082 0 4 _a923.2595
_223
090 0 0 _a923.2595
_bNOR
_dK
100 0 _aNora Hj. Samat,
_eauthor
245 1 0 _aTunku Abdul Rahman
264 1 _aKuala Lumpur :
_bGoodmark Enterprises ,
_c[2003]
300 _a100 pages :
_billustrations ;
_c21 cm
336 _2rdacontent
_atext
337 _2rdamedia
_aunmediated
338 _2rdacarrier
_avolume
490 1 _aSiri tokoh pejuang negara
650 1 0 _aTunku Abdul Rahman Putra al-Haj, 1903-1990 ; Prime ministers - Malaysia - Biography
830 0 _aSiri tokoh pejuang negara
942 _ddc
_cB
999 _c71686
_d71686